header

Longing for nothingness (Record no. 148687)

MARC details
000 -LEADER
fixed length control field 01396nam a2200361Ia 4500
082 04 - DEWEY DECIMAL CLASSIFICATION NUMBER
Classification number 155.9/37
100 1# - MAIN ENTRY--AUTHOR NAME
Personal name Stein, Andrew,
245 10 - TITLE STATEMENT
Title Longing for nothingness
260 ## - PUBLICATION, DISTRIBUTION, ETC. (IMPRINT)
Place of publication Lanham, Md. :
Name of publisher Jason Aronson,
Year of publication c2010.
300 ## - PHYSICAL DESCRIPTION
Number of Pages vii, 189 p.
650 #0 - SUBJECT ADDED ENTRY--TOPICAL TERM
Topical Term Death
Topical Term Nursing home patients
Topical Term Nursing homes
Topical Term Chronic diseases
856 40 - ELECTRONIC LOCATION AND ACCESS
Uniform Resource Identifier http://site.ebrary.com/lib/rucke/Doc?id=10434935

No items available.

© 2026 Rongo University
Contact us: librarian | system librarian | Rongo university